Holiday Quiz

Random Holiday or Clickable Quiz

Take a Holiday! Quiz Stats

 Plays Quiz Updated Jun 17, 2021

Support Sporcle.
Go Orange.
Score 0/12 Timer 03:00
6 Plays Today
% Correct
Christmas Day
94.4%
Independence Day
93.8%
Labor Day
91.7%
Memorial Day
90.3%
Martin Luther King, Jr. Day
90.1%
Thanksgiving Day
89.2%
New Year's Day
87.2%
Veterans Day
82.9%
Columbus Day
82.5%
Juneteenth National Independence Day
76.1%
Washington's Birthday
67.3%
Inauguration Day (DC Only)
59.4%

You're not logged in!

Compare scores with friends on all Sporcle quizzes.
OR
Log In
Forgot?

From the Vault

Friends Consonants

by Flick

Smelly Cat sold separately.
Remove Ads.
Support Sporcle.
Get the best of Sporcle when you Go Orange. This ad-free experience offers more features, more stats, and more fun while also helping to support Sporcle. Thank you for becoming a member.

Show Comments

Extras

Top Quizzes Today


Score Distribution

Your Account Isn't Verified!

In order to create a playlist on Sporcle, you need to verify the email address you used during registration. Go to your Sporcle Settings to finish the process.

Report this User

Report this user for behavior that violates our Community Guidelines.

Details: